ARRUPE JESUIT UNIVERSITY

CORONAVIRUS -STOP THE SPREAD - CLEAN,DISINFECT,COVER

Mambwe folk-tales (Record no. 65786)

MARC details
000 -LEADER
fixed length control field 00530nam a2200229Ia 4500
003 - CONTROL NUMBER IDENTIFIER
control field 0100
005 - DATE AND TIME OF LATEST TRANSACTION
control field 20171010081353.0
008 - FIXED-LENGTH DATA ELEMENTS--GENERAL INFORMATION
fixed length control field 130303s9999 xx 000 0 und d
020 ## - INTERNATIONAL STANDARD BOOK NUMBER
International Standard Book Number 8372326266
040 ## - CATALOGING SOURCE
Transcribing agency ARRUPELIB
050 ## - LIBRARY OF CONGRESS CALL NUMBER
Classification number GR358.62.M8H165
300 ## - PHYSICAL DESCRIPTION
Other physical details 25cm.
100 ## - MAIN ENTRY--PERSONAL NAME
Personal name Halemba, Andrzej
9 (RLIN) 36899
245 ## - TITLE STATEMENT
Title Mambwe folk-tales
245 ## - TITLE STATEMENT
Remainder of title (Mambwe version)
260 ## - PUBLICATION, DISTRIBUTION, ETC. (IMPRINT)
Name of publisher, distributor, etc MamAfrica
Place of publication, distribution, etc Warsaw
Date of publication, distribution, etc 2005
300 ## - PHYSICAL DESCRIPTION
Extent 302p.
650 ## - SUBJECT ADDED ENTRY--TOPICAL TERM
Topical term or geographic name as entry element Folklore
General subdivision Mambwe
9 (RLIN) 36900
942 ## - ADDED ENTRY ELEMENTS (KOHA)
Source of classification or shelving scheme Library of Congress Classification
Koha item type Monograph ( Printed materials)
Holdings
Withdrawn status Lost status Source of classification or shelving scheme Damaged status Not for loan Collection code Home library Current library Shelving location Date acquired Total Checkouts Full call number Barcode Date last seen Date checked out Copy number Price effective from Koha item type
    Library of Congress Classification     Main Collection ARRUPE LIBRARY ARRUPE LIBRARY   05/03/2013 1 GR358.62.M8H165 46004003153 24/01/2022 10/01/2022 1 05/03/2013 Monograph ( Printed materials)

 

Arrupe Library. PO Box MP320 Mt Pleasant, Harare, Zimbabwe
263 242 745411|librarian@aju.ac.zw